Cumbres borrascosas
Saved in:
| Main Author: | |
|---|---|
| Format: | Book |
| Language: | Spanish |
| Published: |
Barcelona
Sopena
1975
|
| Series: | Biblioteca Sopena, 22
|
| Subjects: | |
| Tags: |
Add Tag
No Tags, Be the first to tag this record!
|
MARC
| LEADER | 00000nam a2200000 a 4500 | ||
|---|---|---|---|
| 001 | UCX3489 | ||
| 003 | CL-VaPUC | ||
| 008 | 911111e19750000SP |||||||||||||||||spa|d | ||
| 082 | 0 | 4 | |a 823 |b BRO |2 21 |
| 100 | 0 | |a Bronte, Emily |e author |9 319678 | |
| 245 | 1 | 0 | |a Cumbres borrascosas |
| 300 | |a 360 p | ||
| 942 | |c BK | ||
| 945 | |d 19911111 00:00:00 | ||
| 260 | |a Barcelona |b Sopena |c 1975 | ||
| 650 | 0 | |a Novelas inglesas |9 265220 | |
| 583 | |a last modification |c 19911111 00:00:00 |k Rodrigo Vera | ||
| 490 | 0 | |a Biblioteca Sopena, 22 | |
| 999 | |c 224233 |d 224231 | ||
| 952 | |0 0 |1 0 |4 0 |6 823_000000000000000_BRO_1975 |7 0 |8 A |9 220736 |a BIBEDU |b BIBEDU |d 2019-11-15 |i 2894750 |l 3 |o 823 BRO 1975 |p 2894750 |r 2024-05-07 |s 2024-05-02 |w 2019-11-15 |y BK |k LIT | ||